Singularity of chemical composition of the Tom-Yaya interfluve’ water; Химия и химическая технология в XXI веке; Т. 2

Bibliographic Details
Parent link:Химия и химическая технология в XXI веке: материалы XII Всероссийской научно-практической конференции студентов и молодых ученых с международным участием, Томск, 11-13 мая 2011 г./ Национальный исследовательский Томский политехнический университет (ТПУ), Институт природных ресурсов (ИПР).— , 2011
Т. 2.— 2011.— [С. 277-279]
Main Author: Soldatova E. A. Evgeniya Aleksandrovna
Other Authors: Kopylova Y. G. (научный руководитель)
Summary:Заглавие с титульного листа
Электронная версия печатной публикации
Language:English
Published: 2011
Series:Секция 7. Химия и химическая технология
Subjects:
Online Access:http://www.lib.tpu.ru/fulltext/v/Conferences/2011/C6/C6a142.pdf
Format: Electronic Book Chapter
KOHA link:https://koha.lib.tpu.ru/cgi-bin/koha/opac-detail.pl?biblionumber=216842

MARC

LEADER 00000naa2a2200000 4500
001 216842
005 20260123161115.0
035 |a (RuTPU)RU\TPU\book\236816 
035 |a RU\TPU\book\236812 
090 |a 216842 
100 |a 20120529d2011 k y0rusy50 ca 
101 0 |a eng 
102 |a RU 
135 |a drnn ---uucaa 
200 1 |a Singularity of chemical composition of the Tom-Yaya interfluve’ water  |f E. A. Soldatova  |g research supervisor Y. G. Kopylova 
203 |a Text  |c electronic 
215 |a 1 файл (711 Кб) 
225 1 |a Секция 7. Химия и химическая технология 
300 |a Заглавие с титульного листа 
300 |a Электронная версия печатной публикации 
320 |a [References: p. 278-279 (5 tit.)] 
337 |a Adobe Reader 
461 1 |0 (RuTPU)RU\TPU\book\218704  |t Химия и химическая технология в XXI веке  |o материалы XII Всероссийской научно-практической конференции студентов и молодых ученых с международным участием, Томск, 11-13 мая 2011 г.  |o в 2 т.  |f Национальный исследовательский Томский политехнический университет (ТПУ), Институт природных ресурсов (ИПР)  |d 2011 
463 1 |0 (RuTPU)RU\TPU\book\218881  |t Т. 2  |v [С. 277-279]  |d 2011 
610 1 |a Томь-Яйское междуречье 
610 1 |a Томская область 
610 1 |a вода 
610 1 |a химический состав 
610 1 |a особенности 
610 1 |a труды учёных ТПУ 
610 1 |a электронный ресурс 
700 1 |a Soldatova  |b E. A.  |c hydrogeologist  |c engineer-researcher of Tomsk Polytechnic University  |f 1989-  |g Evgeniya Aleksandrovna  |3 (RuTPU)RU\TPU\pers\32201 
702 1 |a Kopylova  |b Y. G.  |4 727 
801 1 |a RU  |b 63413507  |c 20120118 
801 2 |a RU  |b 63413507  |c 20160504  |g RCR 
856 4 |u http://www.lib.tpu.ru/fulltext/v/Conferences/2011/C6/C6a142.pdf 
942 |c CF